Proceeding of the Hawaiian entomological society

The following are brief synopses of the meetings of the Hawaiian entomological society for the fiscal year 2013.

Sparad:
Bibliografiska uppgifter
Materialtyp: Bok
Språk:Undetermined
Publicerad: Hawaii Hawaiian Entomological Society 2014
Ämnen:
Taggar: Lägg till en tagg
Inga taggar, Lägg till första taggen!
Thư viện lưu trữ: Trung tâm Học liệu Trường Đại học Cần Thơ
LEADER 00643nam a2200181Ia 4500
001 CTU_225729
008 210402s9999 xx 000 0 und d
082 |a 595.7 
082 |b P963/Vol.46 
245 0 |a Proceeding of the Hawaiian entomological society 
245 0 |c Edited by Mark G. Wright ... [et al.] 
260 |a Hawaii 
260 |b Hawaiian Entomological Society 
260 |c 2014 
520 |a The following are brief synopses of the meetings of the Hawaiian entomological society for the fiscal year 2013. 
650 |a Entomology,Côn trùng học 
910 |b nthai 
980 |a Trung tâm Học liệu Trường Đại học Cần Thơ